000
00303nam a22001337a 4500
008
260225b ||||| |||| 00| 0 eng d
020
_a
9994371517
041
_a
shqip
080
_a
2.1
100
_a
20.1
101
_a
roman
245
_a
Zonja e Zezë Nexhmije Hoxha
_c
Fahri Balliu
942
_2
udc
_c
BK
999
_c
60859
_d
60859